000 00754nam a2200229 i 4500
001 bg
100 1 _aFRYMARK, Irena
245 1 0 _aElementy rachunkowości :
_bzasady rachunkowości, uproszczone formy rachunkowości : liceum o profilu ekonomiczno-administracyjnym : podręcznik.
260 _aWarszawa :
_bWydawnictwa Szkolne i Pedagogiczne,
_c2003.
300 _a214, [2] s. :
_brys. ;
_c24 cm.
504 _aBibliogr., wykaz aktów prawnych s. [216].
650 9 _aRachunkowość
655 _aPodręczniki dla szkół zawodowych
015 _aPB 18350/2005
020 _a8302087505
040 _cBPK
041 0 _apol
080 _a657(075.3.053.7)
920 _a83-02-08750-5
942 _cKS
008 s pl f |000 0 pol
999 _c52809
_d52809
856 _uhttp://koha.tu.koszalin.pl/cgi-bin/koha/opac-detail.pl?biblionumber=52809
_yKatalog online BPK